Normal view
MARC view
- ادارة الاعمال-تنمية الموارد
Entry Topical Term
001 - CONTROL NUMBER
- control field: 27766
003 - CONTROL NUMBER IDENTIFIER
- control field: JO-AjAnu
005 - DATE AND TIME OF LATEST TRANSACTION
- control field: 20230606074719.0
008 - FIXED-LENGTH DATA ELEMENTS
- fixed length control field: 230606|| aca||aabn | a|a d
040 ## - CATALOGING SOURCE
- Original cataloging agency: JO-AjAnu
- Transcribing agency: JO-AjAnu
150 ## - HEADING--TOPICAL TERM
- Topical term or geographic name entry element: ادارة الاعمال-تنمية الموارد
670 ## - SOURCE DATA FOUND
- Source citation: Work cat.: (JO-AjAnu)14257: أحمد،محمد سمير, author 27765, الادارة الاستراتيجية وتنمية الموارد البشرية